Novak Djokovic - Grand Slam finals (tennis) - Statistics

General Stats
  • This quiz has been taken 6,414 times
    275 since last reset
  • The average score is 35 of 38
Answer Stats
Hint Result Answer % Correct
US Open 2010 Lost Rafael Nadal
100%
Wimbledon 2011 Won Rafael Nadal
100%
US Open 2011 Won Rafael Nadal
100%
Australian Open 2012 Won Rafael Nadal
100%
Roland Garros 2012 Lost Rafael Nadal
100%
US Open 2013 Lost Rafael Nadal
100%
Roland Garros 2014 Lost Rafael Nadal
100%
Australian Open 2019 Won Rafael Nadal
100%
Roland Garros 2020 Lost Rafael Nadal
100%
Wimbledon 2019 Won Roger Federer
100%
Wimbledon 2023 Lost Carlos Alcaraz
98%
Wimbledon 2024 Lost Carlos Alcaraz
98%
Australian Open 2026 Lost Carlos Alcaraz
98%
US Open 2007 Lost Roger Federer
97%
Wimbledon 2014 Won Roger Federer
97%
Wimbledon 2015 Won Roger Federer
97%
US Open 2015 Won Roger Federer
97%
Australian Open 2011 Won Andy Murray
94%
US Open 2012 Lost Andy Murray
94%
Australian Open 2013 Won Andy Murray
94%
Wimbledon 2013 Lost Andy Murray
94%
Australian 2015 Won Andy Murray
94%
Australian Open 2016 Won Andy Murray
94%
Roland Garros 2016 Won Andy Murray
94%
Australian Open 2021 Won Daniil Medvedev
94%
US Open 2021 Lost Daniil Medvedev
94%
US open 2023 Won Daniil Medvedev
94%
Roland Garros 2015 Lost Stan Wawrinka
88%
US Open 2016 Lost Stan Wawrinka
88%
French Open 2023 Won Casper Ruud
81%
Australian 2020 Won Dominic Thiem
79%
French Open 2021 Won Stéfanos Tsitsipás
79%
Australian Open 2023 Won Stéfanos Tsitsipás
79%
Wimbledon 2022 Won Nick Kyrgios
77%
US Open 2018 Won Juan Martin Del Potro
72%
Australian Open 2008 Won Jo-Wilfried Tsonga
69%
Wimbledon 2021 Won Matteo Berrettini
67%
Wimbledon 2018 Won Kevin Anderson
59%
No matching quizzes found
Score Distribution
Percent of People with Each Score
Percentile by Number Answered
Your Score History
You have not taken this quiz since the last reset